| 000 | 01755cam a22004694i 4500 | ||
|---|---|---|---|
| 003 | PE-LiUPU | ||
| 005 | 20250731173028.0 | ||
| 008 | 150623s1998 mau rb 000 0 eng d | ||
| 020 | _a1565633946 | ||
| 035 | _a(Sirsi) i9781565633940 | ||
| 040 |
_aPE-LiUPU _bspa _cPE-LiUPU _erda |
||
| 049 | _aPRUA | ||
| 082 | 0 | 4 |
_a230.225 _bB18 _221 |
| 100 | 1 |
_aBalla, Peter, _eautor. |
|
| 245 | 1 | 0 |
_aChallenges to New Testament theology / _cPeter Balla. |
| 264 | 1 |
_aPeabody, Massachusetts : _bHendrickson Publishers, _c1998. |
|
| 300 |
_a279 páginas ; _c23 centímetros |
||
| 336 |
_atext _2rdacontent |
||
| 337 |
_aunmediated _2rdamedia |
||
| 338 |
_avolume _2rdacarrier |
||
| 504 | _aIncluye bibliografía. | ||
| 505 | 0 | _aThe relationship between historical and theological interpretation in new testament studies -- Early christianity and its writings -- Can the canon be justified? -- What does theological divesity mean for new testament theology? -- The main caracteristics of the enterprise. | |
| 526 | _aSEG42 | ||
| 526 | _aSEG41 | ||
| 526 | _aSEG40 | ||
| 526 | _aSEG39 | ||
| 526 | _aP94 | ||
| 526 | _aP87 | ||
| 526 | _aP86 | ||
| 526 | _aP85 | ||
| 526 | _aP77 | ||
| 526 | _aP76 | ||
| 526 | _aP35 | ||
| 630 |
_aBiblia. _pN.T. _xCanon. |
||
| 630 |
_aBiblia. _pN.T. _xTEOLOGIA. |
||
| 942 |
_2ddc _cBOOK |
||
| 949 |
_a230.225 B18 _wDEWEY _c1 _i48039 _lCCODEBUL1 _mBUL _r0 _sY _tBOOK _u2015-6-24 _xTEOLOGIA _PP35 _0COMPRA _o.STAFF. Colección Teología |
||
| 994 |
_aC0 _bPEPRU |
||
| 596 | _a1 | ||
| 999 |
_a230.225 B18 _wDEWEY _c24591 _i48039 _f2021-11-9 _g5 _lCCODEBUL1 _mBUL _p30.00 _q1 _r0 _sY _tBOOK _u2015-6-24 _xTEOLOGIA _PP35 _0COMPRA _o.STAFF. Colección Teología _d24591 |
||
| 980 |
_81 _gALBERTO SANCHEZ Responsable de Automatización |
||